|
|
|
|
| LEADER |
00000nam0a2200000 4500 |
| 001 |
337536 |
| 005 |
20231102004948.0 |
| 035 |
|
|
|a (RuTPU)RU\TPU\book\364024
|
| 090 |
|
|
|a 337536
|
| 100 |
|
|
|a 20171108d1964 m y0rusy50 ca
|
| 101 |
0 |
|
|a rus
|
| 102 |
|
|
|a RU
|
| 105 |
|
|
|a a j 001zy
|
| 200 |
1 |
|
|a Техническое черчение
|e методические указания и контрольные задания для студентов всех специальностей вечерних и заочных высших технических учебных заведений, кроме строительных и архитектуры
|f Н. Н. Иванов
|
| 205 |
|
|
|a 10-е изд.
|
| 210 |
|
|
|a Москва
|c Высшая школа
|d 1964
|
| 215 |
|
|
|a 80 с.
|c ил.
|
| 320 |
|
|
|a Библиогр.: с. 81
|
| 606 |
1 |
|
|a Черчение инженерное
|2 stltpush
|3 (RuTPU)RU\TPU\subj\18730
|9 44111
|
| 610 |
1 |
|
|a учебные пособия
|
| 610 |
1 |
|
|a методические указания
|
| 610 |
1 |
|
|a контрольные задания
|
| 610 |
1 |
|
|a машиностроительное черчение
|
| 610 |
1 |
|
|a машиностроительное черчение
|
| 610 |
1 |
|
|a проекционное черчение
|
| 610 |
1 |
|
|a оформление
|
| 610 |
1 |
|
|a сборочные чертежи
|
| 675 |
|
|
|a 744:621(075)
|v 4
|
| 700 |
|
1 |
|a Иванов
|b Н. Н.
|
| 712 |
0 |
1 |
|a СССР
|b Министерство высшего и среднего специального образования
|c (1959-1988)
|2 stltpush
|3 (RuTPU)RU\TPU\col\13746
|9 25769
|
| 801 |
|
1 |
|a RU
|b 63413507
|c 20171108
|
| 801 |
|
2 |
|a RU
|b 63413507
|c 20201109
|g RCR
|
| 942 |
|
|
|c BK
|